Normal view
MARC view
- Tompkins, Willis.J Webster, John.G
Entry Personal Name
001 - CONTROL NUMBER
- control field: 77875
003 - CONTROL NUMBER IDENTIFIER
- control field: NUST
005 - DATE AND TIME OF LATEST TRANSACTION
- control field: 20210628210025.0
008 - FIXED-LENGTH DATA ELEMENTS
- fixed length control field: 210628|| aca||aabn | a|a d
040 ## - CATALOGING SOURCE
- Original cataloging agency: NUST
- Transcribing agency: NUST
100 ## - HEADING--PERSONAL NAME
- Personal name: Tompkins, Willis.J Webster, John.G
670 ## - SOURCE DATA FOUND
- Source citation: Work cat.: (NUST): Tompkins, Willis.J Webster, John.G, Interfacing sensors to the ibm pc, 1988
